| 000 | 00671nam a2200229Ia 4500 | ||
|---|---|---|---|
| 001 | 10784 | ||
| 003 | GE_BSU | ||
| 008 | 181216s||||||||xx |||||||||||||| ||und|| | ||
| 040 | _cGE_BSU | ||
| 080 | _a821.353.1-31 | ||
| 100 | _aქარჩხაძე,ჯემალ. | ||
| 245 | _aქარავანი. | ||
| 245 | _bრომანი. | ||
| 245 | _cრედ.ახალკაცი; მხატვ.ჯემალ,ზენაიშვილი. | ||
| 260 | _aთბილისი. | ||
| 260 | _bმერანი. | ||
| 260 | _c1995. | ||
| 300 | _a525გვ;20სმ. | ||
| 541 | _h5ლ.80თ. | ||
| 653 | _aქარავანი. | ||
| 942 | _cBK | ||
| 999 |
_c44033 _d44033 |
||